000 01065cam a2200301 4500
008 040721n2001 000 0 eng u
020 _a0787955086
035 _a(Sirsi) u126868
041 _aeng.
050 _a658.99
_c18
100 _aWeiss, Alan
245 4 _aThe ultimate consultant
_bpowerful techniques for the successful practitioner
260 _aSan Francisco
_bJossey-Bass Wiley
_c2001
300 _axvii,267p. ; 24cm
350 _a18.95
520 _aFirst book in a series written for experienced practitioners, filled with interviews and vignettes from an array of successful consultants from around the world, and offers the templates, examples, information, and tools you need to transform your business.
650 _aBRANDING
650 _aCONSULTANCY
650 _aFAMILY FIRMS
650 _aFEE INCOME
650 _aINTERNATIONAL
650 _aManagement consultancy
_96255
650 _aMARKETING
650 _aSMALL BUSINESSES
650 _aTIME MANAGEMENT
690 _aMANAGEMENT-BUSINESS MANAGEMENT
942 _n0
999 _c103670
_d103670